ბათუმის შოთა რუსთაველის სახელმწიფო უნივერსიტეტის ბიბლიოთეკა

სიცოცხლით შენი :ვალდებული (ბიბ.ჩანაწერი № 51629)

000 -LEADER
fixed length control field 01005nam a2200241Ia 4500
001 - CONTROL NUMBER
control field 18620
003 - CONTROL NUMBER IDENTIFIER
control field GE_BSU
008 - FIXED-LENGTH DATA ELEMENTS--GENERAL INFORMATION
fixed length control field 181216s||||||||xx |||||||||||||| ||und||
040 ## - CATALOGING SOURCE
Transcribing agency GE_BSU
100 ## - MAIN ENTRY--PERSONAL NAME
Personal name ჯაყელი,ჯემალ
245 ## - TITLE STATEMENT
Title სიცოცხლით შენი :ვალდებული
245 ## - TITLE STATEMENT
Remainder of title [ლექსები]
245 ## - TITLE STATEMENT
Statement of responsibility, etc. რედ:სალ კრავამარია;მხატვ:ჯედი აბდუშელი
260 ## - PUBLICATION, DISTRIBUTION, ETC.
Place of publication, distribution, etc. ბათუმი.
260 ## - PUBLICATION, DISTRIBUTION, ETC.
Name of publisher, distributor, etc. სრულიად საქართველოს ასოციაცია მესხეთი
260 ## - PUBLICATION, DISTRIBUTION, ETC.
Date of publication, distribution, etc. 2014
300 ## - PHYSICAL DESCRIPTION
Extent 165გვ;ილ.19სმ.
300 ## - PHYSICAL DESCRIPTION
Other physical details 1ფ პორტრეტი
653 ## - INDEX TERM--UNCONTROLLED
Uncontrolled term იმხნად
653 ## - INDEX TERM--UNCONTROLLED
Uncontrolled term სამოქალაქო ლირიკა,სატრფიალო ლირიკა,მოკლე ჩანახატები
653 ## - INDEX TERM--UNCONTROLLED
Uncontrolled term ქართული პოეზია
942 ## - ADDED ENTRY ELEMENTS (KOHA)
Koha item type წიგნი
ეგზემპლარები
Withdrawn status Lost status Damaged status Not for loan Date acquired Barcode Date last seen Price effective from Koha item type
        2018-12-17 48153 2018-12-17 2018-12-17 წიგნი